[Event "KOS-ch"]
[Site "Pristina"]
[Date "2022.11.13"]
[Round "3"]
[White "Aliu, Besnik"]
[Black "Bytyqi, Arben"]
[Result "1/2-1/2"]
[WhiteElo "1933"]
[BlackElo "1797"]
[PlyCount "98"]
[EventDate "2022.11.11"]
[EventType "swiss"]
[EventRounds "9"]
[EventCountry "KOS"]
[SourceTitle "CBM 211 Extra"]
[Source "ChessBase"]
[SourceDate "2023.01.31"]
[SourceVersion "1"]
[SourceVersionDate "2023.01.31"]
[SourceQuality "1"]

1. e4 e5 2. Nf3 Nf6 3. Nc3 Nc6 4. d4 exd4 5. Nxd4 Bb4 6. Nxc6 bxc6 7. Bd3 d5 8. exd5 cxd5 9. 0-0 0-0 10. Bg5 c6 11. Ne2 Bd6 12. Nd4 c5 13. Nf5 Bxf5 14. Bxf5 d4 15. Qf3 h6 16. Bh4 Be5 17. Be4 Rb8 18. Qf5 Re8 19. Bxf6 Qxf6 20. Qh7+ Kf8 21. g3 g5 22. Rae1 Qg7 23. Qf5 Rbd8 24. Kh1 Qf6 25. Qg4 Bd6 26. f3 Re7 27. Re2 Rde8 28. Rfe1 c4 29. b3 d3 30. cxd3 cxd3 31. Bxd3 Rxe2 32. Rxe2 Qa1+ 33. Kg2 Rxe2+ 34. Bxe2 Qxa2 35. Qc4 Qd2 36. Kh3 Qe3 37. Qd3 Qxd3 38. Bxd3 Ke7 39. Kg4 Kf6 40. h4 Bf8 41. Kh5 gxh4 42. Kxh4 Bd6 43. f4 Bc5 44. Kg4 Bf2 45. Kf3 Bb6 46. g4 Kg7 47. Ke4 f6 48. Kf5 Be3 49. Bc4 Bd2 1/2-1/2

[Event "Pristina Nderkombetar op"]
[Site "Pristina"]
[Date "2022.06.18"]
[Round "2"]
[White "Aliu, Besnik"]
[Black "Jusufi, Ahmet"]
[Result "1-0"]
[WhiteElo "1930"]
[BlackElo "1595"]
[PlyCount "57"]
[EventDate "2022.06.17"]
[EventType "swiss"]
[EventRounds "9"]
[EventCountry "KOS"]
[SourceTitle "CBM 209 Extra"]
[Source "ChessBase"]
[SourceDate "2022.09.30"]
[SourceVersion "1"]
[SourceVersionDate "2022.09.30"]
[SourceQuality "1"]

1. e4 e5 2. Nf3 Nc6 3. Bc4 Nf6 4. 0-0 d6 5. d3 Be7 6. c3 a6 7. a4 Na5 8. Ba2 c5 9. b4 cxb4 10. cxb4 Nc6 11. b5 Na7 12. h3 0-0 13. Be3 axb5 14. axb5 b6 15. Nc3 Bb7 16. Qb3 h6 17. Nd2 Nd7 18. f4 Bf6 19. f5 Bg5 20. Nc4 Bxe3+ 21. Nxe3 Nc5 22. Qd1 Nc8 23. f6 g6 24. h4 Qd7 25. Bc4 Ra5 26. Qd2 Kh7 27. Ne2 Qc7 28. Ng4 g5 29. Nxh6 1-0

[Event "KOS Cup"]
[Site "Pristina"]
[Date "2020.02.09"]
[Round "1.3"]
[White "Aliu, Besnik"]
[Black "Asllani, Muhamet"]
[Result "0-1"]
[WhiteElo "1997"]
[BlackElo "2172"]
[PlyCount "50"]
[EventDate "2020.02.09"]
[EventType "k.o."]
[EventRounds "5"]
[EventCountry "KOS"]
[SourceTitle "CBM 195 Extra"]
[Source "ChessBase"]
[SourceDate "2020.05.31"]
[SourceVersion "1"]
[SourceVersionDate "2020.05.31"]
[SourceQuality "1"]

1. e4 e5 2. Nf3 Nc6 3. Bb5 Nf6 4. 0-0 d6 5. d4 exd4 6. Nxd4 Bd7 7. Re1 Be7 8. c4 a6 9. Bxc6 bxc6 10. Nc3 0-0 11. h3 h6 12. g4 Nh7 13. f4 Bf6 14. Nf5 Re8 15. Qf3 Rb8 16. b3 Bxf5 17. gxf5 Bd4+ 18. Kh2 Qh4 19. Bb2 Nf6 20. Rad1 c5 21. Re2 Nh5 22. Rf1 Nxf4 23. Bc1 Nxe2 24. Nxe2 Qxe4 25. Nxd4 cxd4 0-1

[Event "KOS-chT"]
[Site "Pristina"]
[Date "2019.04.29"]
[Round "1.4"]
[White "Asllani, Muhamet"]
[Black "Aliu, Besnik"]
[Result "1/2-1/2"]
[WhiteElo "2120"]
[BlackElo "2081"]
[PlyCount "202"]
[EventDate "2019.04.29"]
[EventType "team-tourn"]
[EventRounds "7"]
[EventCountry "KOS"]
[SourceTitle "CBM 190 Extra"]
[Source "ChessBase"]
[SourceDate "2019.07.15"]
[SourceVersion "1"]
[SourceVersionDate "2019.07.15"]
[SourceQuality "1"]
[WhiteTeam "Vellaznimi"]
[BlackTeam "Fushe Kosova"]
[WhiteTeamCountry "KOS"]
[BlackTeamCountry "KOS"]

1. d4 d5 2. Nf3 Nf6 3. c4 c6 4. Nc3 e6 5. Bg5 h6 6. Bh4 Be7 7. e3 Nbd7 8. c5 Qa5 9. Qd2 b6 10. cxb6 axb6 11. Bd3 Ba6 12. 0-0 Bxd3 13. Qxd3 Bd6 14. Rfc1 0-0 15. e4 dxe4 16. Nxe4 Nxe4 17. Qxe4 c5 18. Qc6 Bf4 19. Rc4 b5 20. Rc2 Qa4 21. Re2 b4 22. Qe4 g5 23. g3 Nf6 24. Qd3 Bd6 25. Nxg5 hxg5 26. Bxg5 Nh7 27. Bh6 Rfd8 28. Rxe6 Bf8 29. Rb6 Qd7 30. Re1 Qxd4 31. Qf5 Rd5 32. Qf3 Rad8 33. Bxf8 Nxf8 34. b3 Qd2 35. Re2 Qd3 36. Qg4+ Ng6 37. Rc6 Qf5 38. Qxf5 Rxf5 39. Rc2 Rdd5 40. f4 Nf8 41. Kf2 Ne6 42. Ke3 Kg7 43. Rc4 Rh5 44. h4 Rh8 45. Ke4 Rd1 46. Ra6 Re8 47. Kf3 f5 48. Ra7+ Kg8 49. Ke2 Rd5 50. Kf1 Rd3 51. Kg2 Rd2+ 52. Kh3 Nd4 53. Rxc5 Nf3 54. Rxf5 Kh8 55. Rh5+ Kg8 56. Rb5 Kh8 57. Rba5 Ng1+ 58. Kg4 Rg8+ 59. Rg5 Rdd8 60. Re7 Rd2 61. Re6 Kh7 62. Kh5 Rxg5+ 63. hxg5 Rh2+ 64. Kg4 Rxa2 65. Re7+ Kg8 66. f5 Re2 67. Rb7 Re4+ 68. Kh5 Ne2 69. Kg6 Kf8 70. f6 Nxg3 71. Rh7 Ke8 72. Rh8+ Kd7 73. Kf7 Nf5 74. Ra8 Nd6+ 75. Kf8 Rg4 76. Ra7+ Ke6 77. Ra5 Ne4 78. Ra6+ Ke5 79. Ke7 Nxg5 80. Rb6 Kd5 81. Rb8 Re4+ 82. Kd7 Kc5 83. Rg8 Nf7 84. Rg3 Kd4 85. Kc6 Re5 86. Kb6 Nd6 87. Rf3 Rb5+ 88. Kc6 Rf5 89. Rxf5 Nxf5 90. f7 Ne7+ 91. Kb5 Ng6 92. Kxb4 Kd5 93. Ka5 Ke6 94. b4 Kxf7 95. b5 Ne7 96. b6 Nc6+ 97. Kb5 Nb8 98. b7 Ke7 99. Kb6 Kd7 100. Ka7 Kc7 101. Ka8 Nc6 1/2-1/2

[Event "KOS CupT"]
[Site "Pristina"]
[Date "2017.11.25"]
[Round "4.4"]
[White "Ajvazi, Laberion"]
[Black "Aliu, Besnik"]
[Result "1/2-1/2"]
[WhiteElo "1985"]
[BlackElo "2039"]
[PlyCount "32"]
[EventDate "2017.11.11"]
[EventType "team-tourn"]
[EventRounds "7"]
[EventCountry "KOS"]
[SourceTitle "EXT 2019"]
[Source "ChessBase"]
[SourceDate "2018.10.10"]
[SourceVersion "1"]
[SourceVersionDate "2018.10.10"]
[SourceQuality "1"]
[WhiteTeam "Hyzri Talla"]
[BlackTeam "Fushe Kosova"]
[WhiteTeamCountry "KOS"]
[BlackTeamCountry "KOS"]

1. e4 Nf6 2. e5 Nd5 3. c4 Nb6 4. d4 d6 5. f4 dxe5 6. fxe5 Nc6 7. Be3 Bf5 8. Nc3 e6 9. Nf3 Bg4 10. Be2 Bxf3 11. gxf3 Qh4+ 12. Bf2 Qf4 13. c5 Nd7 14. Bb5 Rd8 15. Bxc6 bxc6 16. Qe2 Bxc5 1/2-1/2

[Event "Kosovo Club Cup"]
[Site "Pristina"]
[Date "2016.11.20"]
[Round "3.1"]
[White "Uruci, Endrit"]
[Black "Aliu, Besnik"]
[Result "1-0"]
[WhiteElo "1919"]
[BlackElo "2114"]
[PlyCount "111"]
[EventDate "2016.11.06"]
[EventType "team-tourn"]
[EventRounds "7"]
[EventCountry "KOS"]
[SourceTitle "EXT 2018"]
[Source "ChessBase"]
[SourceDate "2017.10.13"]
[SourceVersion "1"]
[SourceVersionDate "2017.10.13"]
[SourceQuality "1"]
[WhiteTeam "Ferizaji"]
[BlackTeam "Lesna"]
[WhiteTeamCountry "KOS"]
[BlackTeamCountry "KOS"]

1. e4 Nf6 2. e5 Nd5 3. d4 d6 4. Nf3 Bg4 5. Be2 Nc6 6. exd6 exd6 7. 0-0 Be7 8. h3 Bh5 9. c4 Nb6 10. b3 0-0 11. Bb2 Bf6 12. Nbd2 Re8 13. Re1 Bg6 14. Nf1 Nb4 15. Ne3 Rxe3 16. fxe3 Nc2 17. Qd2 Nxa1 18. Bxa1 Qe7 19. Bd3 Be4 20. Qe2 Bh4 21. Nxh4 Qxh4 22. Bxe4 Qxe4 23. Qf3 f5 24. Rf1 Qxf3 25. gxf3 a5 26. a4 d5 27. c5 Nc8 28. Kf2 Ne7 29. h4 g6 30. Kg3 h6 31. Kf4 Kf7 32. e4 Kf6 33. e5+ Ke6 34. Ke3 g5 35. hxg5 hxg5 36. Rh1 Rg8 37. Bc3 b6 38. b4 axb4 39. Bxb4 f4+ 40. Kd3 Nf5 41. Rc1 g4 42. fxg4 Rxg4 43. cxb6 Rg3+ 44. Kd2 cxb6 45. Rc6+ Kd7 46. Rxb6 f3 47. Rf6 Nxd4 48. Ke3 Nc2+ 49. Kf2 Rg8 50. Rd6+ Kc7 51. Ba5+ Kb7 52. Rxd5 Rg4 53. Kxf3 Rxa4 54. e6 Kc6 55. e7 Kxd5 56. e8Q 1-0

[Event "KOS-ch final"]
[Site "Pristina"]
[Date "2016.10.29"]
[Round "9"]
[White "Aliu, Besnik"]
[Black "Alidema, Ismet"]
[Result "1-0"]
[WhiteElo "2114"]
[BlackElo "2193"]
[PlyCount "97"]
[EventDate "2016.10.01"]
[EventType "tourn"]
[EventRounds "9"]
[EventCountry "KOS"]
[SourceTitle "EXT 2018"]
[Source "ChessBase"]
[SourceDate "2017.10.13"]
[SourceVersion "1"]
[SourceVersionDate "2017.10.13"]
[SourceQuality "1"]

1. e4 e5 2. Nf3 Nc6 3. Bc4 h6 4. c3 Nf6 5. Qe2 Bc5 6. b4 Bd6 7. d4 Qe7 8. d5 Nd8 9. 0-0 c6 10. Re1 b5 11. Bb3 a5 12. bxa5 Rxa5 13. Nbd2 c5 14. c4 b4 15. Nf1 Bc7 16. Ng3 d6 17. h3 0-0 18. Nh2 Nh7 19. Qh5 Nf6 20. Qf3 Ra7 21. Nhf1 Nh7 22. Qh5 f6 23. Ne3 Qf7 24. Qe2 Nb7 25. Nef5 Na5 26. Bxh6 g6 27. Bxf8 Qxf8 28. Qg4 Ng5 29. Ne7+ Qxe7 30. Qxc8+ Qf8 31. Qg4 Qe8 32. h4 Nh7 33. f4 exf4 34. Nh5 Kf7 35. Nxf4 Nf8 36. h5 g5 37. Nh3 Qe5 38. Rad1 Nxb3 39. axb3 Ra2 40. Rf1 Ke7 41. Rf3 Bd8 42. Rdf1 Nh7 43. Nf2 Rd2 44. Qc8 Nf8 45. h6 Ng6 46. h7 Ke8 47. Ng4 Qd4+ 48. Kh2 Rd1 49. Qe6+ 1-0

[Event "KOS-ch final"]
[Site "Pristina"]
[Date "2016.10.09"]
[Round "4"]
[White "Mehaj, Driton"]
[Black "Aliu, Besnik"]
[Result "1-0"]
[WhiteElo "2156"]
[BlackElo "2114"]
[PlyCount "119"]
[EventDate "2016.10.01"]
[EventType "tourn"]
[EventRounds "9"]
[EventCountry "KOS"]
[SourceTitle "EXT 2018"]
[Source "ChessBase"]
[SourceDate "2017.10.13"]
[SourceVersion "1"]
[SourceVersionDate "2017.10.13"]
[SourceQuality "1"]

1. d4 Nf6 2. Nf3 d5 3. c4 c6 4. Nc3 Bf5 5. e3 e6 6. Be2 Nbd7 7. 0-0 Bd6 8. b3 0-0 9. Bb2 Ne4 10. Nxe4 dxe4 11. Ne5 Qc7 12. Nxd7 Qxd7 13. Qc2 Qc7 14. g3 e5 15. c5 Be7 16. dxe5 Rad8 17. Bd4 Qd7 18. Rfe1 Qe6 19. Bf1 Qg6 20. Bg2 Rd5 21. b4 Bd8 22. a4 Bc7 23. Qc3 Re8 24. Red1 h5 25. Rd2 Red8 26. Re2 Bg4 27. Ree1 Qf5 28. e6 fxe6 29. Bxg7 e5 30. Bh6 Rd2 31. Qc4+ Kh8 32. Rf1 Bf3 33. h4 Rg8 34. Ra2 Rd5 35. Bg5 Bd8 36. Bxd8 Rgxd8 37. Kh2 Rd1 38. Bh3 Rxf1 39. Qxf1 Qf7 40. Ra1 Rd2 41. Kg1 Qb3 42. b5 Qc2 43. bxc6 bxc6 44. Qa6 Qxc5 45. Qc8+ Kg7 46. Rb1 Rb2 47. Rxb2 Qc1+ 48. Bf1 Qxb2 49. Qxc6 Qa1 50. Qa6 Kf8 51. a5 Qe1 52. Qb5 Kf7 53. Qb7+ Kf8 54. Qb8+ Ke7 55. Qxa7+ Kf6 56. Qa6+ Ke7 57. Qb7+ Kf6 58. Qb6+ Kf5 59. Qa6 Bg2 60. Qc8+ 1-0